000 00437nam a2200181Ia 4500
003 0100
008 130303s9999 xx 000 0 und d
040 _cARRUPELIB
050 _aPR109.A31993
100 _aAnderson, Robert (et al)
245 _aElements of Literature
245 _bAnnotated teacher's edition
260 _aAustin
260 _bHolt, Rinehart and Winston, Inc.
260 _C1993
300 _a1328p
942 0 0 _01
999 _c18982
_d18982